| 000 | 00000nam##2200000za#4500 |
| 001 | 9.687436 |
| 003 | CaOODSP |
| 005 | 20210624230957 |
| 007 | cr ||||||||||| |
| 008 | 150407|2005||||xxc|||||o f|0| 0 eng|d |
| 020 | |a0-662-40005-4 |
| 040 | |aCaOODSP|beng |
| 043 | |an-cn--- |
| 086 | 1 |aHS28-23/2005E-PDF |
| 110 | 1 |aCanada.|bHuman Resources and Skills Development Canada. |bStrategic Policy and Planning. |
| 245 | 10|aLooking ahead - a 10-year outlook for the Canadian labour market (2004-2013) : |h[electronic resource]|bfinal report / |cby: Louis-Philippe Bergeron, Kevin Dunn, Mario Lapointe, Wayne Roth, Nicolas Tremblay-Côté. |
| 260 | |aOttawa - Ontario : |bHuman Resources and Skills Development Canada. |cOctober 2004. |
| 300 | |a68p.|bgraphs, tables |
| 590 | |a14-17-Supp|b2014-10-09 |
| 690 | 07|aLabour market|2gcpds |
| 775 | 08|tPerspectives du marché du travail canadien pour la prochaine décennie, 2004-2013 : |w(CaOODSP)9.631887 |
| 856 | 40|ahttp://publications.gc.ca|qPDF|s720 KB|uhttps://publications.gc.ca/collections/collection_2014/rhdcc-hrsdc/HS28-23-2005-eng.pdf |
| 986 | |aSP-615-10-04E |